| 000 | 01399cam a2200301 i 4500 | ||
|---|---|---|---|
| 003 | SA-RiAUC | ||
| 005 | 20251022074045.0 | ||
| 008 | 251020s1980 ii g 00000 ara c | ||
| 040 |
_aSA-RiAUC _bara _cSA-RiAUC _erda |
||
| 082 | 0 | 4 | _a252.2 |
| 090 |
_a252.2 _bب ر ك |
||
| 100 | 1 |
_aالبركلي، محمد بن بير علي بن إسكندر، _d929-981 هجري _eمؤلف. |
|
| 245 | 1 | 0 |
_aمعدل الصلاة : _bدراسة شاملة لمسائل تعديل الأركان في الصلاة / _cمحمد الرومي البركلي ؛ تعليق عبد التواب الملتاني. |
| 250 | _aالطبعة الأولى. | ||
| 264 | 1 |
_aبنارس، الهند : _bالجامعة السلفية، إدارة البحوث الإسلامية والدعوة والإفتاء، _c1980 |
|
| 300 |
_a48 صفحة ؛ _c20 سم. |
||
| 300 | _a98 صفحة | ||
| 336 |
_aنص _btxt _2rdacontent _3كتاب |
||
| 337 |
_aبدون وسيط _bn _2rdamedia |
||
| 338 |
_aمجلد _bnc _2rdacarrier |
||
| 490 | 0 |
_aمطبوعات الجامعة السلفية ؛ _v20 |
|
| 650 | 7 |
_aالصلاة (إسلام) _2aucsh |
|
| 650 | 7 |
_aالعبادات (فقه إسلامي) _2aucsh |
|
| 650 | 7 |
_aالصلاة (فقه إسلامي) _2aucsh |
|
| 700 | 1 |
_aالملتاني، عبد التواب، _d توفي 1366 هجري _eمعلق. |
|
| 942 |
_2ddc _cBOOK _n0 |
||
| 949 |
_aSA-JeALM _d251020 _umohamedma123 _n1 |
||
| 999 |
_c12691 _d12691 |
||